Grandes décisions de la jurisprudence africaine des droits de l'homme / (Record no. 7645)

MARC details
000 -LEADER
fixed length control field 01396cam a2200409 i 4500
001 - CONTROL NUMBER
control field on1264736146
003 - CONTROL NUMBER IDENTIFIER
control field TZ-ArACH
005 - DATE AND TIME OF LATEST TRANSACTION
control field 20251022140440.0
008 - FIXED-LENGTH DATA ELEMENTS--GENERAL INFORMATION
fixed length control field 210419s2020 cm 001 0 fre
010 ## - LIBRARY OF CONGRESS CONTROL NUMBER
LC control number 2021316204
020 ## - INTERNATIONAL STANDARD BOOK NUMBER
International Standard Book Number 9789956731916
Qualifying information (Éditions Lupeppo)
020 ## - INTERNATIONAL STANDARD BOOK NUMBER
International Standard Book Number 9956731919
035 ## - SYSTEM CONTROL NUMBER
System control number (OCoLC)1264736146
040 ## - CATALOGING SOURCE
Original cataloging agency DLC
Language of cataloging eng
Description conventions rda
Transcribing agency TZ-ArACH
041 0# - LANGUAGE CODE
Language code of text/sound track or separate title fre
-- eng
042 ## - AUTHENTICATION CODE
Authentication code lcode
-- pcc
043 ## - GEOGRAPHIC AREA CODE
Geographic area code fb-----
049 ## - LOCAL HOLDINGS (OCLC)
Holding library TZAA
050 00 - LIBRARY OF CONGRESS CALL NUMBER
Classification number KQC572
Item number .A54 2020
245 04 - TITLE STATEMENT
Title Grandes décisions de la jurisprudence africaine des droits de l'homme /
Statement of responsibility, etc Frédéric Foka Taffo, Pencrace Bebga.
260 ## - PUBLICATION, DISTRIBUTION, ETC. (IMPRINT)
Place of publication, distribution, etc Yaounde (Cameroon):
Name of publisher, distributor, etc Editions Lupepo;
Date of publication, distribution, etc 2020
300 ## - PHYSICAL DESCRIPTION
Extent 682 pages ;
Dimensions 24 cm.
490 0# - SERIES STATEMENT
Series statement Collection Savoirs
500 ## - GENERAL NOTE
General note Includes index.
546 ## - LANGUAGE NOTE
Language note French and English.
650 #0 - SUBJECT ADDED ENTRY--TOPICAL TERM
Topical term or geographic name as entry element Human rights
Geographic subdivision Africa, Sub-Saharan
Form subdivision Cases.
650 #6 - SUBJECT ADDED ENTRY--TOPICAL TERM
Topical term or geographic name as entry element Droits de l'homme (Droit international)
Geographic subdivision Afrique subsaharienne
Form subdivision Jurisprudence.
650 #7 - SUBJECT ADDED ENTRY--TOPICAL TERM
Topical term or geographic name as entry element Human rights.
Source of heading or term fast
651 #7 - SUBJECT ADDED ENTRY--GEOGRAPHIC NAME
Geographic name Sub-Saharan Africa.
Source of heading or term fast
655 #7 - INDEX TERM--GENRE/FORM
Genre/form data or focus term Court decisions and opinions.
Source of term fast
655 #7 - INDEX TERM--GENRE/FORM
Genre/form data or focus term Trials, litigation, etc.
Source of term fast
655 #7 - INDEX TERM--GENRE/FORM
Genre/form data or focus term Court decisions and opinions.
Source of term lcgft
655 #7 - INDEX TERM--GENRE/FORM
Genre/form data or focus term Recueils de jurisprudence et d'opinions.
Source of term rvmgf
700 1# - ADDED ENTRY--PERSONAL NAME
Personal name Foka Taffo, Frédéric,
Dates associated with a name 1982-
Relator term compiler.
700 1# - ADDED ENTRY--PERSONAL NAME
Personal name Bebga, Pencrace,
Relator term compiler.
942 ## - ADDED ENTRY ELEMENTS (KOHA)
Source of classification or shelving scheme Library of Congress Classification
Koha item type Books
Holdings
Home library Current library Date acquired Full call number Barcode Koha item type Public note
African Court on Human and Peoples' Rights Library African Court on Human and Peoples' Rights Library 22/10/2025 KQC572 .A54 2020 10037306 Books Donation from authors
African Court on Human and Peoples' Rights Library African Court on Human and Peoples' Rights Library 22/10/2025 KQC572 .A54 2020 10037381 Books Donation from authors

African Court on Human and Peoples' Rights | For Inquiries Contact » +255 272 510 510